Normal view
MARC view
Entry Personal Name
001 - CONTROL NUMBER
- control field: 391
003 - CONTROL NUMBER IDENTIFIER
- control field: csc
005 - DATE AND TIME OF LATEST TRANSACTION
- control field: 20140507162050.0
008 - FIXED-LENGTH DATA ELEMENTS
- fixed length control field: 110906 a ada|aaaaa a aaa |
040 ## - CATALOGING SOURCE
- Original cataloging agency: csc
- Transcribing agency: csc
100 1# - HEADING--PERSONAL NAME
- Personal name: Wilde, Kim.
400 1# - SEE FROM TRACING--PERSONAL NAME
- Personal name: Wilde K.
- Fuller form of name: (Kim)
670 ## - SOURCE DATA FOUND
- Source citation: Work cat.: (csc)0: Say you really want me, p1986.
670 ## - SOURCE DATA FOUND
- Source citation: Encyc. of popular music, 1998
- Information found: (Wilde, Kim; b. Nov. 18, 1960)
670 ## - SOURCE DATA FOUND
- Source citation: Love in the natural way, c1988:
- Information found: t.p. (K. Wilde)